000 00484nam a2200157Ia 4500
003 LK-CoDNM
008 140723t2019 xxu||||| |||| 00| 1 sin d
040 _aLK-CoDNM
_dLK-CoDNM
_eLK-CoDNM
041 _asin
080 _a294.3
_bDAM
100 _aධම්මානන්ද හිමි, තුඹුල්ලේ
_vDammananda Himi,Thubulle
245 _aභක්ත්‍යඤජලී
246 _aBakthyanjalee
260 _bSamayawardana Publisher
_aColombo
_c2019
942 _cBK
999 _c80295
_d80295